La celestina / (Registro nro. 15653)

Detalles MARC
000 -LEADER
fixed length control field 00754nam a22002537a 4500
003 - CONTROL NUMBER IDENTIFIER
control field OSt
005 - DATE AND TIME OF LATEST TRANSACTION
control field 20220106111033.0
008 - FIXED-LENGTH DATA ELEMENTS--GENERAL INFORMATION
fixed length control field 220106b1973 sp ||||gr|||| 00| d spa d
020 ## - INTERNATIONAL STANDARD BOOK NUMBER
International Standard Book Number 8402033377
040 ## - CATALOGING SOURCE
Original cataloging agency CO-JMCR
Transcribing agency CO-JMCR
041 0# - LANGUAGE CODE
Language code of text/sound track or separate title spa
082 04 - DEWEY DECIMAL CLASSIFICATION NUMBER
Classification number T /
Item number ROJc
Edition number 23
100 1# - MAIN ENTRY--PERSONAL NAME
Personal name Rojas, Fernando de,
Relator term autor
9 (RLIN) 41848
245 13 - TITLE STATEMENT
Title La celestina /
Statement of responsibility, etc. Fernando de Rojas
250 ## - EDITION STATEMENT
Edition statement 1a. Edición
260 ## - PUBLICATION, DISTRIBUTION, ETC.
Place of publication, distribution, etc. Barcelona :
Name of publisher, distributor, etc. Editorial Bruguera. S.A.,
Date of publication, distribution, etc. 1973.
300 ## - PHYSICAL DESCRIPTION
Extent 332 páginas ;
Dimensions 20 cm.
490 0# - SERIES STATEMENT
Series statement Obras inmortales
504 ## - BIBLIOGRAPHY, ETC. NOTE
Bibliography, etc. note Bibliografía: páginas 52-55
650 14 - SUBJECT ADDED ENTRY--TOPICAL TERM
Topical term or geographic name entry element Teatro español
Chronological subdivision Siglo XX
9 (RLIN) 41849
650 24 - SUBJECT ADDED ENTRY--TOPICAL TERM
Topical term or geographic name entry element Literatura española
Chronological subdivision Siglo XX
9 (RLIN) 8517
650 24 - SUBJECT ADDED ENTRY--TOPICAL TERM
Topical term or geographic name entry element Brujería en la literatura
9 (RLIN) 41850
942 ## - ADDED ENTRY ELEMENTS (KOHA)
Source of classification or shelving scheme Dewey Decimal Classification
Koha item type Books
Existencias
Withdrawn status Lost status Source of classification or shelving scheme Damaged status Not for loan Collection code Home library Current library Date acquired Source of acquisition Total Checkouts Full call number Barcode Date last seen Copy number Price effective from Koha item type
    Dewey Decimal Classification     Fiction Biblioteca Pública José María del Castillo y Rada Biblioteca Pública José María del Castillo y Rada 07/18/2018 2018-07-18   T / ROJc 201807431 01/06/2022 Ej.1 01/06/2022 Books